Fundamentals of structural mechanics
Salvato in:
| Autore principale: | |
|---|---|
| Natura: | Libro |
| Lingua: | inglese |
| Pubblicazione: |
CBS Publishers
2012
|
| Tags: |
Aggiungi Tag
Nessun Tag, puoi essere il primo ad aggiungerne!!
|
MARC
| LEADER | 00000nam a22000007a 4500 | ||
|---|---|---|---|
| 008 | 240315b |||||||| |||| 00| 0 eng d | ||
| 020 | |a 9788123921921 | ||
| 100 | |a GAHLOT, PS. |a Gehlot, Deep | ||
| 245 | |a Fundamentals of structural mechanics |c /PS Gahlot, Deep Gehlot |g xii, 674p | ||
| 260 | |b CBS Publishers |c 2012 |h New Delhi |i 701363 |i 701364 |l TA645.G12 |m Structured analysis (Engineering) |m Plates (Engineering) | ||
| 500 | |a it includes index | ||
| 942 | |a lcc |c BK |e Johnson |f 15/03/24 | ||
| 952 | |0 0 |1 0 |2 lcc |4 0 |6 TA0645 G12 |7 0 |9 4992 |a TL |b HOL |c QZ |d 2024-03-15 |l 0 |o TA645.G12 |p 2024-0243 |r 2024-03-15 00:00:00 |t 701363 |w 2024-03-15 |y BK | ||
| 952 | |0 0 |1 0 |2 lcc |4 0 |6 TA0645 G12 |7 0 |9 4993 |a HOL |b HOL |c QZ |d 2024-03-15 |l 0 |o TA645.G12 |p 2024-0244 |r 2024-03-15 00:00:00 |t 701364 |w 2024-03-15 |y BK | ||
| 999 | |c 2477 |d 2477 | ||